| 000 | 00990nam a2200241 i 4500 | ||
|---|---|---|---|
| 001 | 184018 | ||
| 003 | ES-MaACL | ||
| 005 | 20231115115856.0 | ||
| 008 | 150223s2014 sp |||| | spa d | ||
| 020 | _a978-84-923417-4-0 | ||
| 080 | _a159.94 | ||
| 100 | 0 |
_aMieville Manni, Delfina. _980979 |
|
| 245 | 1 | 0 |
_aVértigo y sexualidad(es) _b: género y orientación sexual : aproximaciones a la realidad sexual y afectiva de mujeres y hombres / _cDelfina Mieville Manni. |
| 260 |
_aMadrid : _bAgrupación Ateneísta de Estudios sobre las Mujeres "Clara Campoamor", _c2014. |
||
| 300 |
_a179 p. ; _c21 cm. |
||
| 504 | _aBibliografía: p. [165]-175. | ||
| 650 | 4 |
_aSexualidad. _917078 |
|
| 710 | 2 |
_aAgrupación Ateneísta de Estudios sobre la Mujer Clara Campoamor _91276 |
|
| 852 |
_aES-MaACL _jA-13393 _9190984 _bR.150158 _cDEPO1 _dOlim: N-6393 _hDonación: Delfina Mieville Manni |
||
| 903 |
_980979 _aMieville Manni, Delfina _ednr |
||
| 942 |
_2udc _cMONOGRAFIA |
||
| 999 |
_c184018 _d184018 |
||